000 00783cam a2200277 i 4500
001 1768006
005 20250626134001.0
008 761210s1975 enka b 001 0 eng
010 _a 76381649
015 _aGB***
020 _a0853020450.
_a0853020477
040 _aDLC
_cDLC
_dDLC
043 _af------
050 0 0 _aBF76.5
_b.W63 1975
082 0 0 _a155.8/4/96
100 1 _aWober, J. M.
_q(J. Mallory)
245 1 0 _aPsychology in Africa /
260 _aLondon :
_bInternational African Institute,
_c1975.
300 _axi, 247 p. :
_bill. ;
_c25 cm.
500 _aIncludes index.
504 _aBibliography: p. 217-239.
650 0 _aPsychology
_xResearch
_zAfrica.
650 0 _aPsychology.
906 _a7
_bcbc
_corignew
_d3
_encip
_f19
_gy-gencatlg
942 _2lcc
_cBK
999 _c1391
_d1391